01086nam a22002657a 4500999001500000003000400015005001700019008004100036020001900077040002400096245013600120260003500256300007700291504005300368588004300421650002600464650005300490655002600543700002200569700002000591710001200611856007700623942001800700952010200718 c7248d7248OSt20211129142309.0190830s2018 fr a b i000 0 eng d a9789231002816  aES-LlUDLbcatcCDMR00aJournalism, ‘fake news’ & disinformationb: handbook for journalism education and training /cCherilyn Ireton and Julie Posetti aParis, France :bUNESCO,c2018 a1 recurs en línia (128 p.) :bil·lustracions color, gràfics, taules aInclou referències bibliogràfiques i índex0 aDescripció del recurs: 30 agost 201904aDesinformació9428604aMitjans de comunicació de massaxManipulació 4aLlibres electrònics1 aIreton, Cherilyn,1 aPosetti, Julie,2 aUnesco,40zAccés lliureuhttp://unesdoc.unesco.org/images/0026/002655/265552E.pdf cLLIBRE-E2udc 00104070aCDMRbCDMRd2019-08-30eIntercanvil0pCDMR19080002r2019-08-30w2019-08-30yLLIBRE-E